[Event "Lidkoping op"]
[Site "Lidkoping"]
[Date "2019.08.25"]
[Round "5"]
[White "Kjellqvist, Fredrik"]
[Black "Johansson, Stefan2222"]
[Result "0-1"]
[WhiteElo "1778"]
[BlackElo "2016"]
[PlyCount "58"]
[EventDate "2019.08.24"]
[EventType "swiss"]
[EventRounds "7"]
[EventCountry "SWE"]
[SourceTitle "EXT 2020"]
[Source "ChessBase"]
[SourceDate "2019.10.17"]
[SourceVersion "1"]
[SourceVersionDate "2019.10.17"]
[SourceQuality "1"]

1. Nf3 f5 2. e4 d6 3. Bc4 fxe4 4. Ng5 d5 5. Bb3 Bf5 6. f3 e6 7. d3 exd3 8. g4 Be7 9. h4 dxc2 10. Bxc2 Bxc2 11. Qxc2 Qd6 12. Be3 Bxg5 13. hxg5 Qg3+ 14. Bf2 Qe5+ 15. Kf1 Nc6 16. Nc3 0-0-0 17. Kg2 Nge7 18. Rae1 Qd6 19. Rxh7 g6 20. Bg3 e5 21. Rxh8 Rxh8 22. a3 a6 23. b4 Rf8 24. b5 axb5 25. Nxb5 Qe6 26. a4 d4 27. Rc1 Nd5 28. Bf2 Qf7 29. Qe2 Nf4+ 0-1